In Extremo - Ich kenne Alles Lyrics Quiz - Statistiken

Allgemein
  • Dieses Quiz wurde 8 mal gespielt
  • Das Durchschnittsergebnis liegt bei 168 aus 255
Antwortstatistiken
Antwort % Korrekt
alles
100%
Ich
100%
ich
100%
kenn
100%
kenne
100%
bin
83%
das
83%
den
83%
der
83%
Der
83%
Die
83%
die
83%
mehr
83%
Nacht
83%
nicht
83%
Nicht
83%
und
83%
Und
83%
auf
67%
Ein
67%
ein
67%
ihr
67%
in
67%
ist
67%
alter
50%
am
50%
an
50%
auch
50%
Baum
50%
doch
50%
einen
50%
Fisch
50%
frisch
50%
gute
50%
kann
50%
Leid
50%
noch
50%
nur
50%
riecht
50%
sein
50%
So
50%
Tod
50%
Wer
50%
wie
50%
Zeit
50%
bald
33%
beschaffen
33%
dem
33%
Diener
33%
Dornen
33%
freit
33%
ganze
33%
Gummi
33%
Herr
33%
hinein
33%
klagt
33%
Kutte
33%
man
33%
mit
33%
muss
33%
Mutter
33%
nie
33%
passt
33%
Pfaffe
33%
Punkt
33%
Rad
33%
raubt
33%
Rosen
33%
schlechten
33%
schwitzt
33%
stechen
33%
Strich
33%
Tochter
33%
vergisst
33%
Viereckig
33%
Wagen
33%
wird
33%
wurzelkrank
33%
Blatt
17%
Flügel
17%
Frömmigkeit
17%
Gang
17%
Geizhals
17%
Gott
17%
hat
17%
hinter
17%
jedem
17%
Kragensitz
17%
leiser
17%
Macht
17%
Narren
17%
Rom
17%
Schleier
17%
seinem
17%
seiner
17%
sprechen
17%
Träume
17%
wallte
17%
Wanst
17%
Wind
17%
Breigesicht
0%
Leidgewicht
0%
Schleicher
0%
Keine übereinstimmenden Quizze gefunden
Verteilung der Resultate
Anzahl Personen mit jedem Resultat
Perzentil nach korrekt beantworteten Fragen
Ihre Resultats-Entwicklung
Sie haben dieses Quiz noch nicht gespielt